| 000 | 00595nam a2200205Ia 4500 | ||
|---|---|---|---|
| 001 | 23432 | ||
| 003 | GE_BSU | ||
| 008 | 181216s||||||||xx |||||||||||||| ||und|| | ||
| 040 | _cGE_BSU | ||
| 245 | _aАгротехника и технологии. #6 июнь 2018 | ||
| 245 | _cГл. ред. В.Н.Кудеяров | ||
| 260 | _aмосква | ||
| 260 | _bнаука | ||
| 260 | _c2018г | ||
| 300 | _a98с;29см; | ||
| 653 | _aАгротехника и технологии. # 6 июнь 2018 2018 | ||
| 653 | _aПериодика | ||
| 653 | _aპერიოდიკა | ||
| 942 | _cCR | ||
| 999 |
_c56319 _d56319 |
||